00816nam a2200157Ia 4500003000900000005001700009008004100026040003100067040001300098041000800111245006200119260003800181300001900219520037100238710004900609IT-RoPAU20220918175848.0120407s9999 xx 000 0 und d aIT-RoPAUc20130314091048.0 cIT-RoPAU aita aPastorale vocazionale. Linee di orientamento e metologia. aRomabCuria Provinciale SSPc1981 a38 p.c20,5 cm aIndice Presentazione Convegno dei Promotori vocazionali Premesse fondamentali Linee di orientamenti vocazionale Conclusione - alcuni rilievi - spunti XIX Assemblea generale CISM La pastorale giovanile: Contenuti - metodi - interventi Testimonianza Pastorale vocazionale nella Diocesi di Roma Appendice Animazione vocazionale all'interno degli Istituti religiosi  aSegretariato Paolino promozione e formazione